000
00300nam a2200121Ia 4500
008
230717s9999 xx 000 0 und d
020
_a
81-7154-013-9
041
_a
eng
082
_a
306.8
_b
MAN
100
_a
Mandelbaum D. G
245
_a
Society In India
260
_a
Bombay
_b
Popular Prakashan
_c
1972
999
_c
670709
_d
670709